1182 1874 1891 1650 1150 1339 1674 1893 1120 1460 1044 1001 1715 1189 1888 1885 1114 1281 1433 1392 1239 1510 1964 1796 1710 1233 1660 1073 1195 1166 1468 1151 1809 1588 1363 1827 1711 1516 1739 1757 1566 1202 1225 1602 1538 1502 1819 1589 1086 1871 1155 1052 1033 1540 1879 1219 1287 1672 1697 1933 1040 1241 1089 1488 1005 1626 1056 1027 1247 1862 1864 1571 1503 1664 1515 1435 1031 1416 1506 1296 1263 1672 1602 1409 1266 1975 1352 1281 1788 1054 1540 1860 1165 1692 1180 1182 1911 1765 1554 BCNSPRNW ULIB Ver.6.0+V

เปลี่ยนเป็นภาษาไทย

Change to English
 แสดงรายละเอียดบรรณานุกรม
  กลับหน้าหลัก

Brief Record : Get Marc (ISO 2709) : E-mail record : QR code < ปิดหน้าต่าง
LEADER : 00000nam 2200000uu 4500
001    13399109126
003     ULIB
008    110322s2550||||th 000 0 tha d
020    749744140043
050  4 H62^bณ215ร 2550
100    ณรงค์ โพธิ์พฤกษานันท์
245 10 ระเบียบวิธีวิจัย
250    พิมพ์ครั้งที่ 1
260    กรุงเทพฯ :^bเอ็กซเปอร์เน็ท,^c2550
300    351 หน้า :^bภาพประกอบ ;^c21 ซม.
650  7 วิจัย
650  7 ระเบียบวิธีวิจัย
945    ^p300^l0^i029927
945    ^p300^l0^i029928
995    เกษร
999 ^a ใช้งานได้ทุกระบบ
รายการนี้ยังไม่มีแท็ก
คุณยังไม่ได้ล็อกอิน คุณสามารถมีกิจกรรมร่วมกับเว็บไซต์ได้ แต่ต้องล็อกอินก่อน ::
  ล็อกอิน

รายการสื่อสารสนเทศ

ลำดับที่ ประเภท เลขเรียก/บาร์โค้ด สถานที่ สถานะ
- ไม่พบข้อมูล -

รายการใกล้เคียง
    ชื่อเรื่อง [ระเบียบวิธีวิจัย]

    หัวเรื่อง [วิจัย]
    หัวเรื่อง [ระเบียบวิธีวิจัย]

BibComment


ยังไม่เคยถูกคอมเมนท์

คอมเมนท์ทรัพยากรรายการนี้
  คอมเมนท์: ระเบียบวิธีวิจัย


 Copyright 2026. Bcnsprnw @Library